[Event "IND-ch Rapid"]
[Site "Nashik"]
[Date "2024.03.04"]
[Round "1"]
[White "Doshi, Moksh Amitbhai"]
[Black "Sagar, Siya"]
[Result "1-0"]
[WhiteElo "2330"]
[BlackElo "1716"]
[PlyCount "49"]
[EventDate "2024.03.04"]
[EventType "swiss (rapid)"]
[EventRounds "11"]
[EventCountry "IND"]
[SourceTitle "CB11_2024"]
[SourceDate "2024.03.13"]
[SourceVersion "1"]
[SourceVersionDate "2024.03.13"]
[SourceQuality "1"]

1. Nf3 Nf6 2. c4 g6 3. Nc3 d5 4. cxd5 Nxd5 5. Qb3 Nxc3 6. dxc3 Bg7 7. e4 0-0 8. Be2 Nc6 9. 0-0 Na5 10. Qa4 c5 11. Be3 Qc7 12. Rfd1 Be6 13. Ng5 Bc8 14. Rac1 h6 15. Nf3 a6 16. b4 b5 17. Qxa5 Qb7 18. Bxc5 Be6 19. Nd4 Bc4 20. Bxc4 bxc4 21. f3 Rfd8 22. Qb6 Qd7 23. Re1 Rdb8 24. Qa5 Rb5 25. Nxb5 1-0

[Event "Western Asia-ch U20 Girls"]
[Site "Colombo"]
[Date "2023.12.01"]
[Round "3"]
[White "Ahmed, Walijah"]
[Black "Sagar, Siya"]
[Result "1-0"]
[WhiteElo "1858"]
[BlackElo "1537"]
[PlyCount "97"]
[EventDate "2023.11.30"]
[EventType "swiss"]
[EventRounds "9"]
[EventCountry "SRI"]
[SourceTitle "CB50_2023"]
[SourceDate "2023.12.13"]
[SourceVersion "1"]
[SourceVersionDate "2023.12.13"]
[SourceQuality "1"]

1. e4 e5 2. Nf3 Nc6 3. Bb5 a6 4. Ba4 Nf6 5. 0-0 Be7 6. Re1 b5 7. Bb3 d6 8. c3 0-0 9. h3 Na5 10. Bc2 c5 11. d4 Qc7 12. d5 Ne8 13. b3 g6 14. Bh6 Ng7 15. Nbd2 f6 16. Nf1 Bd7 17. g4 Qc8 18. Ng3 Nb7 19. b4 Nd8 20. a4 cxb4 21. cxb4 Nf7 22. Bxg7 Kxg7 23. Qd2 Rh8 24. axb5 axb5 25. Bd3 h5 26. gxh5 gxh5 27. Nf5+ Bxf5 28. exf5 Nh6 29. Nh4 Kh7 30. Kh2 Rg8 31. Rxa8 Qxa8 32. Bxb5 Qb7 33. Bc6 Qc8 34. Qd3 Rg5 35. f4 Rg7 36. b5 Qc7 37. Qe3 Qa5 38. Rg1 Qa2+ 39. Kh1 Bd8 40. Rxg7+ Kxg7 41. Qg1+ Kf8 42. Ng6+ Kf7 43. fxe5 dxe5 44. Nxe5+ fxe5 45. Qg6+ Ke7 46. f6+ Kd6 47. f7+ Kc7 48. f8Q Qa1+ 49. Qg1 1-0

[Event "Asia-ch Blitz U20 Girls"]
[Site "Jamshedpur"]
[Date "2023.09.15"]
[Round "1"]
[White "Bhagyashree, Patil"]
[Black "Sagar, Siya"]
[Result "1-0"]
[WhiteElo "1905"]
[BlackElo "1486"]
[PlyCount "75"]
[EventDate "2023.09.15"]
[EventType "swiss (blitz)"]
[EventRounds "9"]
[EventCountry "IND"]
[SourceTitle "EXT 2024"]
[Source "ChessBase"]
[SourceDate "2023.10.10"]
[SourceVersion "1"]
[SourceVersionDate "2023.10.10"]
[SourceQuality "1"]

1. d4 Nf6 2. Nf3 g6 3. c4 Bg7 4. Nc3 d5 5. e3 0-0 6. Be2 c6 7. 0-0 Re8 8. b3 Nbd7 9. Bb2 e5 10. dxe5 Nxe5 11. Nxe5 Rxe5 12. Nxd5 Nxd5 13. Bxe5 Bxe5 14. Rc1 Bb2 15. Rc2 Bf5 16. cxd5 Bxc2 17. Qxc2 Bg7 18. dxc6 Rc8 19. Bf3 bxc6 20. b4 Qb6 21. a3 c5 22. bxc5 Rxc5 23. Qe4 Qc7 24. g3 Rc1 25. Rxc1 Qxc1+ 26. Kg2 Qxa3 27. Qa8+ Bf8 28. h4 a5 29. Qa7 Qb4 30. Bd5 Be7 31. Qa8+ Kg7 32. Qe8 f5 33. h5 a4 34. hxg6 hxg6 35. Qg8+ Kf6 36. Qh8+ Kg5 37. f4+ Kg4 38. Bf3# 1-0

[Event "Asia-ch Blitz U20 Girls"]
[Site "Jamshedpur"]
[Date "2023.09.15"]
[Round "3"]
[White "Kaldarova, Ayaulym"]
[Black "Sagar, Siya"]
[Result "1-0"]
[WhiteElo "1785"]
[BlackElo "1486"]
[PlyCount "83"]
[EventDate "2023.09.15"]
[EventType "swiss (blitz)"]
[EventRounds "9"]
[EventCountry "IND"]
[SourceTitle "EXT 2024"]
[Source "ChessBase"]
[SourceDate "2023.10.10"]
[SourceVersion "1"]
[SourceVersionDate "2023.10.10"]
[SourceQuality "1"]

1. Nf3 Nf6 2. c4 g6 3. Nc3 Bg7 4. g3 0-0 5. Bg2 d6 6. 0-0 c5 7. d4 Nbd7 8. e4 e5 9. dxe5 dxe5 10. Qc2 Nb6 11. b3 Nbd7 12. Nd5 b6 13. Bb2 Nxd5 14. cxd5 Bb7 15. Rfe1 Re8 16. Rad1 Qc7 17. h3 Rad8 18. Nd2 Nf6 19. Nc4 b5 20. Ne3 Bf8 21. Rc1 Bd6 22. a4 a6 23. Qe2 bxa4 24. bxa4 Rb8 25. Nc4 Rec8 26. f4 Nh5 27. fxe5 Bf8 28. Qf3 a5 29. Bc3 Ra8 30. Rf1 Ng7 31. d6 Qd7 32. Nb6 Qd8 33. Qxf7+ Kh8 34. Nxa8 Bxa8 35. e6 Qxd6 36. e7 Qxe7 37. Bxg7+ Bxg7 38. Qxe7 c4 39. Rf7 Bd4+ 40. Kh2 c3 41. Rxh7+ Kg8 42. Qf7# 1-0

[Event "Asia-ch Blitz U20 Girls"]
[Site "Jamshedpur"]
[Date "2023.09.15"]
[Round "7"]
[White "Pournami, S."]
[Black "Sagar, Siya"]
[Result "1-0"]
[WhiteElo "1367"]
[BlackElo "1486"]
[PlyCount "59"]
[EventDate "2023.09.15"]
[EventType "swiss (blitz)"]
[EventRounds "9"]
[EventCountry "IND"]
[SourceTitle "EXT 2024"]
[Source "ChessBase"]
[SourceDate "2023.10.10"]
[SourceVersion "1"]
[SourceVersionDate "2023.10.10"]
[SourceQuality "1"]

1. d4 Nf6 2. c4 g6 3. Nc3 Bg7 4. e4 d6 5. Bg5 c5 6. dxc5 dxc5 7. Qxd8+ Kxd8 8. Rd1+ Nbd7 9. Nf3 Ke8 10. Nb5 Kf8 11. Nc7 Rb8 12. Bf4 b6 13. Ne5 Rb7 14. Nxd7+ Nxd7 15. Nd5 e5 16. Bg3 Nf6 17. Bh4 Nd7 18. Be7+ Kg8 19. Bd6 f6 20. Ne7+ Kf7 21. g3 Re8 22. Nd5 Nb8 23. Bg2 Nc6 24. 0-0 Nd4 25. f4 Rd7 26. fxe5 Ke6 27. Nxf6 Rf7 28. Bh3+ Nf5 29. exf5+ gxf5 30. Bxf5# 1-0

[Event "Asia-ch Blitz U20 Girls"]
[Site "Jamshedpur"]
[Date "2023.09.15"]
[Round "6"]
[White "Sagar, Siya"]
[Black "Mrudul, Dehankar"]
[Result "0-1"]
[WhiteElo "1486"]
[BlackElo "2139"]
[PlyCount "62"]
[EventDate "2023.09.15"]
[EventType "swiss (blitz)"]
[EventRounds "9"]
[EventCountry "IND"]
[SourceTitle "EXT 2024"]
[Source "ChessBase"]
[SourceDate "2023.10.10"]
[SourceVersion "1"]
[SourceVersionDate "2023.10.10"]
[SourceQuality "1"]

1. e4 c6 2. d4 d5 3. Nc3 dxe4 4. Nxe4 Nf6 5. Nxf6+ exf6 6. c3 Bd6 7. Bd3 0-0 8. Qc2 Re8+ 9. Ne2 h5 10. 0-0 h4 11. Bf4 Rxe2 12. Qxe2 Bxf4 13. Qh5 Bh6 14. Qxh4 Nd7 15. Qe4 Nf8 16. Rfe1 Be6 17. Bc2 f5 18. Qd3 Ng6 19. Rad1 Qf6 20. b3 Nf4 21. Qf3 Bd5 22. Qg3 Nxg2 23. c4 Nxe1 24. Rxe1 Be6 25. Qe5 Qg5+ 26. Qg3 Qd2 27. Rf1 Qxc2 28. Qc7 f4 29. Kh1 Qe2 30. Rb1 Qf3+ 31. Kg1 Bh3 0-1

[Event "Asia-ch U20 Girls"]
[Site "Jamshedpur"]
[Date "2023.09.14"]
[Round "8"]
[White "Disha, UA."]
[Black "Sagar, Siya"]
[Result "0-1"]
[WhiteElo "1372"]
[BlackElo "1362"]
[PlyCount "74"]
[EventDate "2023.09.09"]
[EventType "swiss"]
[EventRounds "9"]
[EventCountry "IND"]
[SourceTitle "EXT 2024"]
[Source "ChessBase"]
[SourceDate "2023.10.10"]
[SourceVersion "1"]
[SourceVersionDate "2023.10.10"]
[SourceQuality "1"]

1. d4 Nf6 2. Nc3 d5 3. Bf4 c5 4. e3 cxd4 5. exd4 a6 6. Nf3 Nc6 7. Ne5 e6 8. Be2 Bd6 9. Bg3 Bxe5 10. dxe5 Nd7 11. f4 0-0 12. Qd2 Qb6 13. 0-0-0 Qa5 14. Kb1 b5 15. Bf3 Rb8 16. Ne2 b4 17. Nd4 Nxd4 18. Qxd4 Nb6 19. b3 Bd7 20. Be1 Na8 21. a3 Qxa3 22. Qb2 Qa5 23. f5 exf5 24. Rxd5 Qc7 25. Bg3 Be6 26. Rd6 a5 27. Rhd1 Qe7 28. Ra6 Nc7 29. Rxa5 Nb5 30. Rd3 Rfc8 31. Be1 Na3+ 32. Rxa3 bxa3 33. Qa2 Qc5 34. Bg3 Bxb3 35. Qxb3 Rxb3+ 36. Rxb3 Qxc2+ 37. Ka1 Qxb3 0-1

[Event "Asia-ch U20 Girls"]
[Site "Jamshedpur"]
[Date "2023.09.10"]
[Round "2"]
[White "Sagar, Siya"]
[Black "Sasvatha, A."]
[Result "1-0"]
[WhiteElo "1362"]
[BlackElo "1783"]
[PlyCount "61"]
[EventDate "2023.09.09"]
[EventType "swiss"]
[EventRounds "9"]
[EventCountry "IND"]
[SourceTitle "EXT 2024"]
[Source "ChessBase"]
[SourceDate "2023.10.10"]
[SourceVersion "1"]
[SourceVersionDate "2023.10.10"]
[SourceQuality "1"]

1. e4 c6 2. d4 d5 3. Nc3 a6 4. Nf3 Bg4 5. h3 Bh5 6. g4 Bg6 7. exd5 cxd5 8. h4 h6 9. Ne5 Bh7 10. Qf3 Nf6 11. g5 Be4 12. Nxe4 dxe4 13. Qb3 Nd5 14. Qxb7 Nb6 15. Bc4 Nxc4 16. Qxa8 Nxe5 17. dxe5 hxg5 18. Bxg5 Qa5+ 19. c3 Qxe5 20. 0-0-0 f6 21. Be3 Kf7 22. Rd8 Qa5 23. Qxb8 Qxa2 24. Kc2 Qa5 25. Qb3+ e6 26. Qb7+ Kg6 27. Qxe4+ Kf7 28. Rhd1 Rh5 29. Qb7+ Be7 30. Qxe7+ Kxe7 31. R1d7# 1-0

[Event "Asia-ch Rapid U20 Girls"]
[Site "Jamshedpur"]
[Date "2023.09.08"]
[Round "8"]
[White "Sagar, Siya"]
[Black "Poorvi, Rajpoot"]
[Result "1/2-1/2"]
[WhiteElo "1524"]
[BlackElo "1301"]
[PlyCount "118"]
[EventDate "2023.09.08"]
[EventType "swiss (rapid)"]
[EventRounds "9"]
[EventCountry "IND"]
[SourceTitle "EXT 2024"]
[Source "ChessBase"]
[SourceDate "2023.10.10"]
[SourceVersion "1"]
[SourceVersionDate "2023.10.10"]
[SourceQuality "1"]

1. e4 c5 2. Nf3 d6 3. d4 cxd4 4. Nxd4 Nf6 5. Nc3 a6 6. f3 e5 7. Nb3 Be6 8. Be3 Nbd7 9. Qd2 h5 10. Nd5 Nxd5 11. exd5 Bf5 12. Bd3 Bxd3 13. Qxd3 Be7 14. Qd2 Rc8 15. 0-0-0 Nb6 16. Kb1 Nc4 17. Qe2 Nxe3 18. Qxe3 0-0 19. g4 Bg5 20. Qe4 h4 21. Nc1 b5 22. Ne2 Rc4 23. Qd3 Re8 24. Nc3 Qc7 25. Ne4 Bf4 26. Rde1 Rc8 27. Re2 a5 28. g5 Rd4 29. Qc3 Qxc3 30. Nxc3 b4 31. Na4 Bxg5 32. Rg1 Bf6 33. Re4 Rd2 34. Rc1 Rxh2 35. Nb6 Rc5 36. Rg4 Rc7 37. b3 Kf8 38. Nc4 Ke7 39. Nxa5 Rc5 40. Nc6+ Kd7 41. Nxb4 h3 42. Rg3 Rc3 43. a4 e4 44. a5 Rxf3 45. a6 Rxg3 46. a7 Rxb3+ 47. Ka2 Rxb4 48. a8Q Rb2+ 49. Ka3 Be5 50. Qc6+ Ke7 51. Qc7+ Kf6 52. Rf1+ Kg5 53. Qe7+ Bf6 54. Qxe4 Rbxc2 55. Qf4+ Kg6 56. Qe4+ Kh6 57. Qf4+ Kg6 58. Qe4+ Kh6 59. Qf4+ Kg6 1/2-1/2

[Event "IND-ch (Women) 48th"]
[Site "Hatkanangale"]
[Date "2023.01.03"]
[Round "9"]
[White "Sagar, Siya"]
[Black "Patil, Disha"]
[Result "0-1"]
[WhiteElo "1611"]
[BlackElo "1447"]
[PlyCount "146"]
[EventDate "2022.12.26"]
[EventType "swiss"]
[EventRounds "11"]
[EventCountry "IND"]
[SourceTitle "CBM 212 Extra"]
[Source "ChessBase"]
[SourceDate "2023.03.31"]
[SourceVersion "1"]
[SourceVersionDate "2023.03.31"]
[SourceQuality "1"]

1. e4 e5 2. Nf3 Nc6 3. Bb5 a6 4. Bxc6 dxc6 5. Qe2 Bd6 6. d3 Ne7 7. Be3 f6 8. Nbd2 Be6 9. Nc4 Ng6 10. Nxd6+ cxd6 11. d4 0-0 12. h4 d5 13. h5 Nf4 14. Bxf4 exf4 15. e5 Bg4 16. 0-0-0 fxe5 17. Qxe5 Qf6 18. Qxf6 Rxf6 19. Rd3 Bxf3 20. Rxf3 Re8 21. Kd2 Re4 22. Kd3 Kf7 23. b3 b6 24. a4 c5 25. dxc5 bxc5 26. Rb1 a5 27. c4 Ke6 28. Rc1 Rd4+ 29. Kc3 Rh6 30. Rh3 Re4 31. Rd1 d4+ 32. Kd2 Kf5 33. Re1 Rxe1 34. Kxe1 Rb6 35. Kd2 Kg4 36. Kc2 h6 37. Kd2 g6 38. hxg6 Rxg6 39. Kd3 Re6 40. Kd2 h5 41. Rf3 h4 42. Rh3 Rf6 43. Rf3 Rg6 44. Rh3 Rh6 45. Rf3 Kf5 46. Rh3 Kg4 47. Rf3 Rb6 48. Rh3 Rg6 49. Kd3 Re6 50. Kd2 Rf6 51. Rh2 Kh5 52. Rh3 Rg6 53. Rh2 Rg4 54. Ke2 Rg8 55. Kd1 Kg4 56. Rh3 Kf5 57. Rxh4 Rxg2 58. Rh5+ Ke4 59. Rxc5 Rxf2 60. Rxa5 Rb2 61. Ra8 Rxb3 62. Kc2 Rc3+ 63. Kd2 Rxc4 64. a5 Ra4 65. Re8+ Kf3 66. Kd3 Rxa5 67. Kxd4 Kf2 68. Rf8 f3 69. Kd3 Re5 70. Rf7 Kg2 71. Rg7+ Kf1 72. Rf7 f2 73. Rf8 Ke1 0-1

[Event "IND-ch (Women) 48th"]
[Site "Hatkanangale"]
[Date "2023.01.02"]
[Round "8"]
[White "Palak, Thakur"]
[Black "Sagar, Siya"]
[Result "1/2-1/2"]
[WhiteElo "1148"]
[BlackElo "1611"]
[PlyCount "86"]
[EventDate "2022.12.26"]
[EventType "swiss"]
[EventRounds "11"]
[EventCountry "IND"]
[SourceTitle "CBM 212 Extra"]
[Source "ChessBase"]
[SourceDate "2023.03.31"]
[SourceVersion "1"]
[SourceVersionDate "2023.03.31"]
[SourceQuality "1"]

1. Nf3 Nf6 2. c4 g6 3. d4 Bg7 4. g3 0-0 5. Bg2 c6 6. 0-0 d5 7. b3 c5 8. e3 Nc6 9. Bb2 cxd4 10. Nxd4 Nxd4 11. exd4 Be6 12. Nd2 Qd7 13. Re1 Rfe8 14. Nf3 Bg4 15. Ne5 Bxd1 16. Nxd7 Nxd7 17. Raxd1 dxc4 18. Bxb7 Rab8 19. Bc6 Red8 20. Rxe7 Ne5 21. Bg2 cxb3 22. axb3 Rxb3 23. Ba1 a5 24. Ra7 Ra3 25. Rc7 Nf3+ 26. Kh1 Ng5 27. Rc5 Ne6 28. Rd5 Kf8 29. Bb2 Ra2 30. Bc3 Rxd5 31. Bxd5 Rxf2 32. Bxe6 fxe6 33. Bxa5 Rf5 34. Bb4+ Ke8 35. Kg2 Kd7 36. Bc5 Kc6 37. Rb1 Bf8 38. Ba7 Rf7 39. Bb8 Bd6 40. Kh3 Bxb8 41. Rxb8 Rd7 42. Re8 Kd5 43. Kg4 Rf7 1/2-1/2

[Event "IND-ch (Women) 48th"]
[Site "Hatkanangale"]
[Date "2023.01.01"]
[Round "7"]
[White "Sagar, Siya"]
[Black "Radhika Devi, Chavali"]
[Result "1-0"]
[WhiteElo "1611"]
[BlackElo "1295"]
[PlyCount "89"]
[EventDate "2022.12.26"]
[EventType "swiss"]
[EventRounds "11"]
[EventCountry "IND"]
[SourceTitle "CBM 212 Extra"]
[Source "ChessBase"]
[SourceDate "2023.03.31"]
[SourceVersion "1"]
[SourceVersionDate "2023.03.31"]
[SourceQuality "1"]

1. e4 c5 2. Nf3 g6 3. d4 cxd4 4. Nxd4 Bg7 5. Nc3 Nc6 6. Be3 d6 7. Qd2 Bd7 8. f3 Qa5 9. 0-0-0 Rc8 10. Kb1 a6 11. Nb3 Bxc3 12. Nxa5 Bxd2 13. Bxd2 b5 14. Nxc6 Rxc6 15. g4 Nf6 16. Bc3 0-0 17. h4 h5 18. Bxf6 exf6 19. gxh5 gxh5 20. Rd5 f5 21. Rg1+ Kh7 22. Bh3 Kh6 23. Bxf5 Be6 24. Bxe6 fxe6 25. Rdg5 Rf6 26. R5g3 Rc5 27. Kc1 a5 28. Kd2 b4 29. Rg8 Rc7 30. Rh8+ Rh7 31. Rxh7+ Kxh7 32. Ke3 e5 33. Kf2 a4 34. Rd1 b3 35. cxb3 axb3 36. a3 Kg7 37. Rd3 Kf7 38. Rxb3 Ke7 39. Rb7+ Ke6 40. a4 Rf8 41. a5 Rf4 42. a6 d5 43. a7 dxe4 44. a8Q Rxf3+ 45. Ke2 1-0

[Event "IND-ch (Women) 48th"]
[Site "Hatkanangale"]
[Date "2022.12.26"]
[Round "1"]
[White "Sagar, Siya"]
[Black "Pujari, Rucha"]
[Result "0-1"]
[WhiteElo "1611"]
[BlackElo "2229"]
[PlyCount "90"]
[EventDate "2022.12.26"]
[EventType "swiss"]
[EventRounds "11"]
[EventCountry "IND"]
[SourceTitle "CBM 212 Extra"]
[Source "ChessBase"]
[SourceDate "2023.03.31"]
[SourceVersion "1"]
[SourceVersionDate "2023.03.31"]
[SourceQuality "1"]

1. e4 e5 2. Nf3 Nc6 3. Bb5 a6 4. Bxc6 dxc6 5. Nc3 f6 6. d4 Bg4 7. dxe5 Qxd1+ 8. Nxd1 Bxf3 9. gxf3 fxe5 10. f4 Bd6 11. fxe5 Bxe5 12. f4 Bf6 13. Be3 0-0-0 14. Nc3 Bxc3+ 15. bxc3 Nf6 16. e5 Nd5 17. Bd2 Rhf8 18. 0-0 Rf5 19. Rae1 Kd7 20. c4 Nb6 21. c5 Nc4 22. Bc3 Ke6 23. Rb1 b5 24. cxb6 cxb6 25. h3 Rdf8 26. Kh2 Rxf4 27. Rxf4 Rxf4 28. Kg3 Re4 29. Kf2 b5 30. Rg1 g6 31. Re1 Rxe1 32. Kxe1 Nxe5 33. Ke2 Kd5 34. Ke3 g5 35. Be1 a5 36. h4 Nc4+ 37. Kd3 gxh4 38. Bxh4 a4 39. Be7 h5 40. Bg5 Nd6 41. c3 Nf5 42. Bf6 h4 43. Bg5 h3 44. Bf4 Nh6 45. Ke3 h2 0-1

[Event "IND-ch U15 Girls 38th"]
[Site "New Delhi"]
[Date "2022.12.06"]
[Round "11"]
[White "Prakash, Vaishnavi"]
[Black "Sagar, Siya"]
[Result "0-1"]
[WhiteElo "1224"]
[BlackElo "1611"]
[PlyCount "96"]
[EventDate "2022.11.28"]
[EventType "swiss"]
[EventRounds "11"]
[EventCountry "IND"]
[SourceTitle "EXT 2024"]
[Source "ChessBase"]
[SourceDate "2023.10.10"]
[SourceVersion "1"]
[SourceVersionDate "2023.10.10"]
[SourceQuality "1"]

1. e4 e5 2. Nf3 Nc6 3. Bc4 Bc5 4. Nc3 Nf6 5. d3 d6 6. h3 Na5 7. Bb3 Nxb3 8. axb3 Be6 9. Be3 Bxe3 10. fxe3 Qe7 11. d4 exd4 12. exd4 a6 13. e5 Nd5 14. Nxd5 Bxd5 15. 0-0 0-0 16. exd6 Qxd6 17. Qd3 Rad8 18. c3 Qg3 19. Rf2 Rfe8 20. b4 Re6 21. Ne5 Qxd3 22. Nxd3 Rde8 23. Nf4 Rd6 24. Re2 Rxe2 25. Nxe2 Bc4 26. Ng3 Re6 27. Kf2 f6 28. Re1 Kf7 29. Nf5 Rxe1 30. Kxe1 g6 31. Ne3 Bb3 32. Kd2 Ke6 33. c4 b5 34. Kc3 Bxc4 35. Nxc4 bxc4 36. Kxc4 Kd6 37. b5 axb5+ 38. Kxb5 Kd5 39. b4 h5 40. Ka6 c6 41. g4 hxg4 42. hxg4 f5 43. gxf5 gxf5 44. b5 cxb5 45. Kxb5 f4 46. Kb4 f3 47. Kc3 f2 48. Kd2 f1Q 0-1

[Event "IND-ch U15 Girls 38th"]
[Site "New Delhi"]
[Date "2022.12.03"]
[Round "8"]
[White "Sagar, Siya"]
[Black "Tejasvee, Naresh Singh"]
[Result "1-0"]
[WhiteElo "1611"]
[BlackElo "1328"]
[PlyCount "65"]
[EventDate "2022.11.28"]
[EventType "swiss"]
[EventRounds "11"]
[EventCountry "IND"]
[SourceTitle "CBM 211 Extra"]
[Source "ChessBase"]
[SourceDate "2023.01.31"]
[SourceVersion "1"]
[SourceVersionDate "2023.01.31"]
[SourceQuality "1"]

1. e4 c5 2. Nf3 d6 3. d4 cxd4 4. Nxd4 Nf6 5. Nc3 a6 6. f3 e5 7. Nb3 Be6 8. Be3 Be7 9. Qd2 0-0 10. 0-0-0 Nbd7 11. g4 Qc7 12. Kb1 b5 13. h4 b4 14. Nd5 Bxd5 15. exd5 Nb6 16. Bxb6 Qxb6 17. h5 Nd7 18. g5 a5 19. Bh3 f5 20. gxf6 Nxf6 21. Rdg1 Ne8 22. Be6+ Kh8 23. Rg6 Rf4 24. Bg4 h6 25. Be6 Nc7 26. Qg2 Nxe6 27. dxe6 Bf6 28. Rg1 Qa7 29. Nc1 Rc8 30. Ne2 Rfc4 31. Rxf6 gxf6 32. Qg6 R4c7 33. Qxh6+ 1-0

[Event "Gibraltar Amateurs op-B"]
[Site "Caleta"]
[Date "2020.01.25"]
[Round "1"]
[White "Sagar, Siya"]
[Black "Maloney, Harry1111"]
[Result "1-0"]
[WhiteElo "1740"]
[BlackElo "1328"]
[PlyCount "107"]
[EventDate "2020.01.20"]
[EventType "swiss"]
[EventRounds "5"]
[EventCountry "GGB"]
[SourceTitle "CBM 194 Extra"]
[Source "ChessBase"]
[SourceDate "2020.03.31"]
[SourceVersion "1"]
[SourceVersionDate "2020.03.31"]
[SourceQuality "1"]

1. e4 c5 2. Nf3 Nc6 3. d4 cxd4 4. Nxd4 e6 5. Nc3 Qc7 6. Be3 Nf6 7. f3 Be7 8. Qd2 0-0 9. g4 Nxd4 10. Bxd4 Ne8 11. 0-0-0 e5 12. Nd5 Qd6 13. Be3 Nf6 14. Nxe7+ Qxe7 15. h4 Qe6 16. Kb1 Qc6 17. h5 Ne8 18. g5 b6 19. Bd3 Bb7 20. Rdg1 g6 21. Qh2 Qe6 22. hxg6 Qxg6 23. Qxe5 Qg7 24. Qh2 Bc6 25. g6 fxg6 26. Bh6 Qe7 27. Bxf8 Kxf8 28. Qxh7 Qxh7 29. Rxh7 Kg8 30. Rh6 Nc7 31. Rgxg6+ Kf7 32. Bc4+ Ke7 33. Rh7+ Kd8 34. Rg8+ Ne8 35. Bd5 a5 36. Bxc6 dxc6 37. Rxe8+ Kxe8 38. Rh8+ Ke7 39. Rxa8 Kd6 40. f4 Ke6 41. Rc8 Kd6 42. f5 Kd7 43. Rh8 Ke7 44. e5 Kf7 45. Rh7+ Kg8 46. Rc7 c5 47. e6 Kf8 48. f6 Kg8 49. Rc8+ Kh7 50. e7 Kg6 51. e8Q+ Kxf6 52. Rc6+ Kg7 53. Qe7+ Kh8 54. Rc8# 1-0

[Event "Barcelona Christmas Amateur 1st"]
[Site "Barcelona"]
[Date "2019.12.30"]
[Round "4.3"]
[White "Velasco Grisales, Henry"]
[Black "Sagar, Siya"]
[Result "0-1"]
[WhiteElo "1700"]
[BlackElo "1754"]
[PlyCount "66"]
[EventDate "2019.12.27"]
[EventType "tourn"]
[EventRounds "9"]
[EventCountry "ESP"]
[SourceTitle "EXT 2024"]
[Source "ChessBase"]
[SourceDate "2023.10.10"]
[SourceVersion "1"]
[SourceVersionDate "2023.10.10"]
[SourceQuality "1"]

1. e4 e5 2. Bc4 Bc5 3. Nf3 Nc6 4. 0-0 Nf6 5. c3 0-0 6. d3 d6 7. Be3 Bb6 8. h3 Be6 9. Bb3 d5 10. Bc2 Qe7 11. exd5 Nxd5 12. Bg5 f6 13. Bh4 Nf4 14. Nbd2 Qf7 15. Ne4 h6 16. Ng3 g5 17. Nh2 gxh4 18. Ng4 Qg7 19. Ne2 h5 20. Nxf4 exf4 21. Nxf6+ Rxf6 22. d4 f3 23. Qxf3 Rxf3 24. Be4 Rf4 25. f3 Bxh3 26. Rf2 Nxd4 27. Kf1 Nxf3 28. Bxf3 Bxf2 29. Kxf2 Qxg2+ 30. Ke3 Qxf3+ 31. Kd2 Qf2+ 32. Kc1 Re8 33. a3 Re1# 0-1

[Event "Barcelona Christmas Amateur 1st"]
[Site "Barcelona"]
[Date "2019.12.27"]
[Round "1.3"]
[White "Sagar, Siya"]
[Black "Anjali, R Sagar"]
[Result "1-0"]
[WhiteElo "1754"]
[BlackElo "1694"]
[PlyCount "69"]
[EventDate "2019.12.27"]
[EventType "tourn"]
[EventRounds "9"]
[EventCountry "ESP"]
[SourceTitle "EXT 2024"]
[Source "ChessBase"]
[SourceDate "2023.10.10"]
[SourceVersion "1"]
[SourceVersionDate "2023.10.10"]
[SourceQuality "1"]

1. e4 e5 2. Nf3 Nf6 3. Nxe5 d6 4. Nf3 Nxe4 5. c4 Be7 6. Nc3 Nxc3 7. dxc3 Bf5 8. Bd3 Bg6 9. 0-0 Nd7 10. Bf4 0-0 11. Re1 Bf6 12. Nd4 Ne5 13. Bxe5 Bxe5 14. Bxg6 hxg6 15. Nf3 Bf6 16. Qd5 Rb8 17. Rad1 Re8 18. Rxe8+ Qxe8 19. Re1 Qd7 20. Kf1 Kf8 21. c5 Re8 22. Rxe8+ Kxe8 23. Qxb7 dxc5 24. Qe4+ Qe7 25. Qxe7+ Kxe7 26. Ke2 Kd6 27. Kd3 Kd5 28. c4+ Kd6 29. b3 a5 30. Ke4 c6 31. Ne1 Bd4 32. Nd3 f5+ 33. Kf4 Bf6 34. a3 Bd4 35. Kg5 1-0

[Event "Budapest FS06 Nadassy"]
[Site "Budapest"]
[Date "2019.06.11"]
[Round "10.1"]
[White "Sagar, Siya"]
[Black "Farago, Sandor"]
[Result "1-0"]
[WhiteElo "1792"]
[BlackElo "2234"]
[PlyCount "103"]
[EventDate "2019.06.01"]
[EventType "schev"]
[EventRounds "10"]
[EventCountry "HUN"]
[SourceTitle "EXT 2020"]
[Source "ChessBase"]
[SourceDate "2019.10.17"]
[SourceVersion "1"]
[SourceVersionDate "2019.10.17"]
[SourceQuality "1"]
[WhiteTeam "Lower Row"]
[BlackTeam "Higher Row"]
[WhiteTeamCountry "HUN"]
[BlackTeamCountry "HUN"]

1. e4 c5 2. Nf3 d6 3. d4 cxd4 4. Nxd4 Nf6 5. Nc3 a6 6. Be3 e6 7. f3 Be7 8. Qd2 b5 9. g4 Nfd7 10. g5 Nb6 11. Bd3 Bb7 12. h4 N8d7 13. h5 Nc5 14. 0-0-0 Rc8 15. Kb1 b4 16. Nce2 d5 17. e5 Qc7 18. Bf4 Nca4 19. g6 Nc4 20. Bxc4 dxc4 21. gxf7+ Kxf7 22. Nxe6 Qb6 23. Ng5+ Kg8 24. Qd7 Nc3+ 25. Nxc3 bxc3 26. b3 cxb3 27. axb3 Bxg5 28. Bxg5 h6 29. Rd6 Qc7 30. Qe6+ Qf7 31. Qxf7+ Kxf7 32. Bh4 Bc6 33. e6+ Kg8 34. Rf1 Be8 35. Rd5 Kh7 36. f4 Bb5 37. Rfd1 Rce8 38. e7 Rhg8 39. Rf5 g5 40. fxg5 hxg5 41. Bxg5 Rxg5 42. Rxg5 Rxe7 43. Rc5 Re3 44. Rd6 Kg8 45. Rc8+ Kf7 46. h6 Ke7 47. h7 Rh3 48. Rd4 Be8 49. Re4+ Kd7 50. Rexe8 Rxh7 51. Red8+ Ke6 52. Rxc3 1-0

[Event "Budapest FS06 Nadassy"]
[Site "Budapest"]
[Date "2019.06.07"]
[Round "6.2"]
[White "Sagar, Siya"]
[Black "Szalanczy, Emil"]
[Result "1/2-1/2"]
[WhiteElo "1792"]
[BlackElo "2141"]
[PlyCount "109"]
[EventDate "2019.06.01"]
[EventType "schev"]
[EventRounds "10"]
[EventCountry "HUN"]
[SourceTitle "EXT 2020"]
[Source "ChessBase"]
[SourceDate "2019.10.17"]
[SourceVersion "1"]
[SourceVersionDate "2019.10.17"]
[SourceQuality "1"]
[WhiteTeam "Lower Row"]
[BlackTeam "Higher Row"]
[WhiteTeamCountry "HUN"]
[BlackTeamCountry "HUN"]

1. e4 c5 2. Nf3 d6 3. d4 cxd4 4. Nxd4 Nf6 5. Nc3 g6 6. Be3 Bg7 7. f3 Nc6 8. Bc4 Bd7 9. Qd2 0-0 10. 0-0-0 Rc8 11. Bb3 Ne5 12. h4 Nc4 13. Bxc4 Rxc4 14. g4 b5 15. h5 b4 16. Nd5 e6 17. Nxf6+ Qxf6 18. Kb1 Rfc8 19. g5 Qe5 20. Qd3 d5 21. exd5 exd5 22. f4 Qe4 23. Qxe4 dxe4 24. Rd2 a6 25. hxg6 hxg6 26. Nb3 Bg4 27. Rg1 Bh5 28. Nd4 Rd8 29. Nb3 Rxd2 30. Bxd2 Bd4 31. Nxd4 Rxd4 32. Be3 Rd5 33. b3 Kf8 34. Kb2 Ke7 35. Rg2 Ke6 36. Rd2 Bf3 37. a3 bxa3+ 38. Kxa3 Ra5+ 39. Kb4 Ra1 40. c4 Rb1 41. Kc3 Re1 42. Bf2 Rc1+ 43. Kb2 Rh1 44. c5 Rd1 45. Rc2 Kd7 46. c6+ Kc7 47. Ka3 Bg4 48. Kb4 Be6 49. Ra2 Rd3 50. Rxa6 Rxb3+ 51. Kc5 Rc3+ 52. Kd4 Rc4+ 53. Ke5 Rxc6 54. Rxc6+ Kxc6 55. Kxe4 1/2-1/2